Vývoj štruktúry výdavkov v domácnostiach SR Príloha Hospodárskych novín

Štruktúra výdavkov a príjmov v domácnostiach SR k 30. 9. 1996 podľa prieskumu Štatistického úradu SR, ktorý sa robí pravidelne v štvrťročných intervaloch. Štruktúra hrubých a čistých peňažných výdavkov domácností v SR spolu, domácností zamestnancov a domácností samostatne podnikajúcich osôb.

Gespeichert in:
Bibliographische Detailangaben
Format: Buchkapitel
Sprache:Slowakisch
Schlagworte:
Tags: Tag hinzufügen
Keine Tags, Fügen Sie das erste Tag hinzu!

MARC

LEADER 00000naa a2200000 4500
001 r023550
005 20230801105904.3
041 0 |a slo 
044 |a SK 
245 1 0 |a Vývoj štruktúry výdavkov v domácnostiach SR  |b Príloha Hospodárskych novín 
520 |a Štruktúra výdavkov a príjmov v domácnostiach SR k 30. 9. 1996 podľa prieskumu Štatistického úradu SR, ktorý sa robí pravidelne v štvrťročných intervaloch. Štruktúra hrubých a čistých peňažných výdavkov domácností v SR spolu, domácností zamestnancov a domácností samostatne podnikajúcich osôb. 
610 2 0 |a Slovensko 
610 2 0 |a september 
610 2 0 |a 1996 
610 2 0 |a domácnosti 
610 2 0 |a výdavky obyvateľstva 
610 2 0 |a ŠÚ SR Bratislava 
610 2 0 |a prieskum štatistický